Government of the Soviet union (Record no. 422156)

000 -LEADER
fixed length control field 00463cam a22001457a 4500
008 - FIXED-LENGTH DATA ELEMENTS--GENERAL INFORMATION
fixed length control field 180718b1954 xxu||||| |||| 00| 0 eng d
082 ## - DEWEY DECIMAL CLASSIFICATION NUMBER
Classification number B5x47 C246
100 ## - MAIN ENTRY--PERSONAL NAME
Personal name Carter, Gwendolen M.
245 ## - TITLE STATEMENT
Title Government of the Soviet union
Statement of responsibility, etc. by Gwendolen M. Carter, John C. Ranney and John H. Herz
260 ## - PUBLICATION, DISTRIBUTION, ETC.
Place of publication, distribution, etc. Calcutta
Name of publisher, distributor, etc. world Press
Date of publication, distribution, etc. 1954
300 ## - PHYSICAL DESCRIPTION
Extent v, 242p
650 ## - SUBJECT ADDED ENTRY--TOPICAL TERM
Topical term or geographic name entry element Soviet Union --Politics and government.
700 ## - ADDED ENTRY--PERSONAL NAME
Personal name Herz, John H.
700 ## - ADDED ENTRY--PERSONAL NAME
Personal name Ranney, John C.
Holdings
Withdrawn status Lost status Damaged status Not for loan Permanent Location Current Location Date acquired Full call number Barcode Date last seen Price effective from Koha item type
        Indian Institute of Public Administration Indian Institute of Public Administration 2009-08-17 B5x47 C246 881 2018-07-21 2018-07-21 Book

Powered by Koha